| Tag |
First Indicator |
Second Indicator |
Subfields |
| LEADER |
00000cas a2200000 a 4500 |
| 001 |
in00000410045 |
| 005 |
20151012051857.0 |
| 007 |
he bmb025baca |
| 008 |
840807c19629999njuar br s0 0a0eng d |
| 035 |
|
|
|a (OCoLC)11025826
|
| 035 |
|
|
|9 ABT7966AM
|
| 040 |
|
|
|a ATT
|c ATT
|d TXA
|d UtOrBLW
|
| 043 |
|
|
|a n-us-ms
|
| 049 |
|
|
|a TXAI
|
| 099 |
|
|
|a fiche
|a S
|a 784
|
| 245 |
0 |
0 |
|a Mississippi manufacturers directory.
|
| 264 |
|
1 |
|a Jackson, Miss. :
|b Mississippi Research and Development Center,
|c 1962-
|
| 300 |
|
|
|a volumes ;
|c 29 cm.
|
| 336 |
|
|
|a text
|b txt
|2 rdacontent
|
| 337 |
|
|
|a microform
|b h
|2 rdamedia
|
| 338 |
|
|
|a microfiche
|b he
|2 rdacarrier
|
| 362 |
0 |
|
|a 1962-
|
| 533 |
|
|
|a Microfiche.
|b Red Bank, N.J. :
|c Colt Microfiche,
|d 198 -
|e microfiches ; 11 x 15 cm.
|f (Colt microfiche library of state directories)
|
| 500 |
|
|
|a Microform.
|
| 651 |
|
0 |
|a Mississippi
|x Manufactures
|x Directories.
|
| 710 |
2 |
|
|a Mississippi Research and Development Center.
|
| 710 |
2 |
|
|a Mississippi Industrial and Technological Research Commission.
|
| 780 |
0 |
0 |
|t Encyclopedia of Mississippi manufacturers
|
| 830 |
|
0 |
|a Colt microfiche library of state directories.
|
| 999 |
|
|
|a MARS
|
| 999 |
f |
f |
|s fff50185-a8e1-30c8-9185-50b940499635
|i 21f65fe1-0f0e-3386-9ca0-c42febe3116a
|t 0
|
| 952 |
f |
f |
|p default
|a Texas A&M University
|b College Station
|c Sterling C. Evans Library
|d Evans: Microforms (3rd floor)
|t 0
|e fiche S 784
|h Other scheme
|i microform -- microfiche
|
| 998 |
f |
f |
|a fiche S 784
|s 1984
|t 0
|l Evans: Microforms (3rd floor)
|